Učitavanje...

Sukithrndran /

Bibliografski detalji
Glavni autor: Joseph, Nadujira
Jezik:Undetermined
LEADER 00343nam a2200109Ia 4500
001 61602
008 170722s9999 xx 000 0 und d
100 |a Joseph, Nadujira 
245 |a Sukithrndran / 
942 |c GEN 
999 |c 16668  |d 16668 
952 |0 0  |1 0  |4 0  |6 O_322NJ036S_H4_KR  |7 0  |9 19839  |a LIB  |b LIB  |d 2017-08-12  |o O32,2NJ036,S H4 (KR)  |p 34342  |r 2017-08-12  |w 2017-08-12  |y GEN